1218 1129 1369 1821 1633 1612 1415 1795 1522 1199 1917 1168 1900 1847 1603 1043 1640 1467 1509 1725 1638 1885 1312 1423 1472 1128 1401 1305 1340 1332 1377 1765 1549 1026 1520 1199 1087 1210 1764 1233 1256 1625 1659 1958 1081 1943 1666 1476 1940 1272 1253 1618 1556 1740 1462 1557 1335 1376 1111 1994 1624 1652 1643 1503 1629 1042 1247 1222 1489 1123 1935 1671 1862 1264 1381 1166 1193 1294 1947 1418 1573 1458 1121 1623 1642 1562 1427 1848 1279 1262 1369 1664 1247 1398 1756 1770 1277 1149 1908 BCNSPRNW ULIB Ver.6.0+V

เปลี่ยนเป็นภาษาไทย

Change to English
 แสดงรายละเอียดบรรณานุกรม
  กลับหน้าหลัก

Brief Record : Get Marc (ISO 2709) : E-mail record : QR code < ปิดหน้าต่าง
LEADER : 00000nam 2200000uu 4500
001    13399113687
003     ULIB
008    111215s||||||||th 000 0 tha d
020    ^a9789062400
090    ^aนว.^bก892จ 2553
100 0  แก้วชวาลา
245 00 เจ้าสาวผยศรัก/^cแก้วชวาลา
250    พิมพ์ครั้งที่ 1
260    กรุงเทพฯ :^bแก้วชวาลา,^c25553
300    400 หน้า
710 1  แก้วชวาลา
945    ^p279^l0^i028036
995    ทศพร
999 ^a ทศพร
รายการนี้ยังไม่มีแท็ก
คุณยังไม่ได้ล็อกอิน คุณสามารถมีกิจกรรมร่วมกับเว็บไซต์ได้ แต่ต้องล็อกอินก่อน ::
  ล็อกอิน

รายการสื่อสารสนเทศ

ลำดับที่ ประเภท เลขเรียก/บาร์โค้ด สถานที่ สถานะ
1. นวนิยาย
นวนิยาย
นว. ก892จ 2553 ฉ.1 
  Barcode: 028036
ห้องสมุดวิทยาเขตสวรรค์ประชารักษ์
►นวนิยาย
บนชั้น
  ขอยืม

รายการใกล้เคียง
    ผู้แต่ง [แก้วชวาลา]

BibComment


ยังไม่เคยถูกคอมเมนท์

คอมเมนท์ทรัพยากรรายการนี้
  คอมเมนท์: เจ้าสาวผยศรัก แก้..


 Copyright 2026. Bcnsprnw @Library